[Event "US Open-95"]
[Site "Chicago"]
[Date "1994.??.??"]
[Round "?"]
[White "Fedorowicz, John P"]
[Black "Chachere, Lawrence"]
[Result "1-0"]
[WhiteElo "2525"]
[BlackElo "2285"]
[PlyCount "47"]
[EventDate "1994.08.07"]
[EventType "swiss"]
[EventRounds "12"]
[EventCountry "USA"]
[SourceTitle "EXT 1998"]
[Source "ChessBase"]
[SourceDate "1997.11.17"]
[SourceVersion "1"]
[SourceVersionDate "1997.11.17"]
[SourceQuality "1"]

1. e4 c5 2. Nf3 d6 3. d4 Nf6 4. Nc3 cxd4 5. Nxd4 a6 6. a4 e6 7. Be2 Be7 8. 0-0 0-0 9. Be3 Qc7 10. f4 Nc6 11. Kh1 Re8 12. Bf3 Rb8 13. Qe2 Nxd4 14. Bxd4 e5 15. Ba7 Ra8 16. Be3 exf4 17. Bxf4 Be6 18. e5 Nd7 19. Nd5 Bxd5 20. Bxd5 Bf8 21. exd6 Qc5 22. Qh5 g6 23. Bxf7+ Kxf7 24. Qxh7+ 1-0

[Event "Dubuque op"]
[Site "Dubuque"]
[Date "1994.??.??"]
[Round "?"]
[White "Pedram, Mehrdad"]
[Black "Chachere, Lawrence"]
[Result "0-1"]
[WhiteElo "2060"]
[BlackElo "2375"]
[PlyCount "58"]
[EventDate "1994.??.??"]
[EventType "swiss"]
[EventRounds "5"]
[EventCountry "USA"]
[SourceTitle "EXT 2004"]
[Source "ChessBase"]
[SourceDate "2003.11.25"]
[SourceVersion "1"]
[SourceVersionDate "2003.11.25"]
[SourceQuality "1"]

1. e4 c5 2. Nc3 Nc6 3. g3 g6 4. Bg2 Bg7 5. d3 d6 6. Be3 Rb8 7. Qd2 b5 8. f4 b4 9. Nd1 Bd7 10. Ne2 f5 11. d4 cxd4 12. Nxd4 fxe4 13. Bxe4 Nxd4 14. Bxd4 Nf6 15. Nf2 Qc7 16. 0-0 0-0 17. Bg2 e5 18. fxe5 dxe5 19. Be3 Bf5 20. g4 Bxg4 21. Nxg4 Nxg4 22. Rxf8+ Rxf8 23. Qd5+ Kh8 24. Bc5 Rd8 25. Qc4 e4 26. Qxb4 Qxh2+ 27. Kf1 Qf4+ 28. Ke1 Qg3+ 29. Kf1 Rf8+ 0-1

[Event "Budapest FS12 IM-A"]
[Site "Budapest"]
[Date "1993.??.??"]
[Round "11"]
[White "Chachere, Lawrence"]
[Black "Eperjesi, Laszlo"]
[Result "1/2-1/2"]
[WhiteElo "2250"]
[BlackElo "2315"]
[PlyCount "20"]
[EventDate "1993.12.??"]
[EventType "tourn"]
[EventRounds "11"]
[EventCountry "HUN"]
[EventCategory "2"]
[SourceTitle "EXT 1997"]
[Source "ChessBase"]
[SourceDate "1996.11.15"]
[SourceVersion "1"]
[SourceVersionDate "1996.11.15"]
[SourceQuality "1"]

1. d4 Nf6 2. c4 e6 3. Nc3 Bb4 4. Qc2 0-0 5. Nf3 d6 6. a3 Bxc3+ 7. Qxc3 Nbd7 8. g3 b6 9. Bg2 Bb7 10. 0-0 Qe7 1/2-1/2

[Event "Bucharest Tim"]
[Site "Bucharest"]
[Date "1993.??.??"]
[Round "1"]
[White "Chachere, Lawrence"]
[Black "Gavrilescu, Calin"]
[Result "1-0"]
[WhiteElo "2225"]
[BlackElo "2310"]
[PlyCount "77"]
[EventDate "1993.??.??"]
[EventType "tourn"]
[EventRounds "13"]
[EventCountry "ROU"]
[EventCategory "4"]
[SourceTitle "CBM 035 Extra"]
[Source "ChessBase"]
[SourceDate "1993.09.01"]
[SourceVersion "1"]
[SourceVersionDate "1993.09.01"]
[SourceQuality "1"]

1. d4 c6 2. c4 d5 3. Nf3 g6 4. Nc3 Na6 5. cxd5 cxd5 6. Qb3 e6 7. Bf4 Qa5 8. e3 f6 9. Bb5+ Kf7 10. 0-0 g5 11. Bg3 h5 12. Nxd5 h4 13. Nxg5+ fxg5 14. Be5 Bg7 15. f4 Bxe5 16. fxe5+ Kg7 17. Nf6 Nc7 18. Be2 Nd5 19. Ne8+ Kh6 20. Nd6 Qd2 21. Rf2 Qxe3 22. Nf7+ Kg7 23. Qxe3 Nxe3 24. Nxh8 Kxh8 25. Rf7 Nh6 26. Re7 Nd5 27. Re8+ Kg7 28. Rc1 Nb6 29. Rc7+ Kg6 30. Bd3+ Nf5 31. h3 a5 32. Rg8+ Kh6 33. Rh8+ Kg6 34. a4 Nxa4 35. Rcxc8 Rxc8 36. Rxc8 Nxb2 37. Bb1 Kh6 38. d5 Ne7 39. d6 1-0

[Event "Bucharest Tim"]
[Site "Bucharest"]
[Date "1993.??.??"]
[Round "6"]
[White "Chachere, Lawrence"]
[Black "Itkis, Boris"]
[Result "1/2-1/2"]
[WhiteElo "2225"]
[BlackElo "2435"]
[PlyCount "64"]
[EventDate "1993.??.??"]
[EventType "tourn"]
[EventRounds "13"]
[EventCountry "ROU"]
[EventCategory "4"]
[SourceTitle "CBM 035 Extra"]
[Source "ChessBase"]
[SourceDate "1993.09.01"]
[SourceVersion "1"]
[SourceVersionDate "1993.09.01"]
[SourceQuality "1"]

1. d4 d6 2. e4 g6 3. c4 Bg7 4. Nc3 Nf6 5. f3 0-0 6. Be3 a6 7. Qd2 c6 8. a4 a5 9. Bd3 Na6 10. Rd1 e5 11. Nge2 Qe7 12. 0-0 Nc7 13. Bb1 Nd7 14. f4 Ne6 15. dxe5 dxe5 16. f5 Nec5 17. Ng3 f6 18. Qf2 Re8 19. h4 Bf8 20. fxg6 hxg6 21. h5 g5 22. Nf5 Qh7 23. g4 Ne6 24. Nd6 Rd8 25. Qf5 Nd4 26. Bxd4 Qxf5 27. exf5 exd4 28. Rxd4 Nc5 29. Rfd1 Nb3 30. R4d3 Nc5 31. Rd4 Nb3 32. R4d3 Nc5 1/2-1/2

[Event "Budapest FS12 IM-A"]
[Site "Budapest"]
[Date "1993.??.??"]
[Round "9"]
[White "Chachere, Lawrence"]
[Black "Keschitz, Gyorgy"]
[Result "1-0"]
[WhiteElo "2250"]
[BlackElo "2275"]
[PlyCount "59"]
[EventDate "1993.12.??"]
[EventType "tourn"]
[EventRounds "11"]
[EventCountry "HUN"]
[EventCategory "2"]
[SourceTitle "EXT 1997"]
[Source "ChessBase"]
[SourceDate "1996.11.15"]
[SourceVersion "1"]
[SourceVersionDate "1996.11.15"]
[SourceQuality "1"]

1. c4 g6 2. e4 Bg7 3. d4 d6 4. Nc3 Nf6 5. f3 0-0 6. Be3 Nbd7 7. Nh3 c6 8. Qd2 a6 9. Nf2 b5 10. b3 b4 11. Na4 a5 12. Be2 c5 13. Rd1 Qc7 14. 0-0 Bb7 15. d5 Nb6 16. Nxb6 Qxb6 17. f4 a4 18. e5 Nd7 19. Bg4 Qc7 20. Ne4 axb3 21. axb3 Ra3 22. Qd3 Nb6 23. exd6 exd6 24. f5 Bc8 25. f6 Bxg4 26. fxg7 Kxg7 27. Nf6 Bxd1 28. Qxd1 Nd7 29. Qf3 Nxf6 30. Qxf6+ 1-0

[Event "Budapest FS12 IM-A"]
[Site "Budapest"]
[Date "1993.??.??"]
[Round "13"]
[White "Chachere, Lawrence"]
[Black "Mensch, Etienne"]
[Result "1-0"]
[WhiteElo "2250"]
[BlackElo "2210"]
[PlyCount "201"]
[EventDate "1993.12.??"]
[EventType "tourn"]
[EventRounds "11"]
[EventCountry "HUN"]
[EventCategory "2"]
[SourceTitle "EXT 1997"]
[Source "ChessBase"]
[SourceDate "1996.11.15"]
[SourceVersion "1"]
[SourceVersionDate "1996.11.15"]
[SourceQuality "1"]

1. d4 Nf6 2. c4 d6 3. Nc3 c6 4. e4 e5 5. Nf3 Qc7 6. Be2 Be7 7. 0-0 0-0 8. Rb1 a5 9. Qc2 Bg4 10. Be3 Nbd7 11. Rfd1 Rfe8 12. b3 Nf8 13. d5 Bxf3 14. Bxf3 c5 15. a3 Ra6 16. Be2 h6 17. g3 Qd7 18. Kg2 N6h7 19. h4 Nf6 20. Rb2 N8h7 21. b4 axb4 22. axb4 b6 23. Rdb1 Rc8 24. bxc5 bxc5 25. Rb8 Bf8 26. R1b7 Rxb8 27. Rxb8 Qa7 28. Qb2 Ra1 29. Bd2 g5 30. h5 Kg7 31. g4 Qa3 32. Qxa3 Rxa3 33. Rb7 Ne8 34. Bd1 Nhf6 35. f3 Ra1 36. Ba4 Kg8 37. Bb5 Ng7 38. Rb8 Ra3 39. Kf2 Ra7 40. Ke2 Nd7 41. Bxd7 Rxd7 42. Bxg5 hxg5 43. h6 Kh7 44. Rxf8 Kxh6 45. Nb5 Kg6 46. Kd2 Kf6 47. Rg8 Rb7 48. Kc3 Rb6 49. Ra8 Ke7 50. Na7 Kf6 51. Nc6 Ne6 52. Nb8 Nf8 53. Na6 Ng6 54. Nc7 Nf4 55. Ra7 Ne2+ 56. Kd2 Nd4 57. Ne8+ Kg6 58. Rd7 Rb2+ 59. Kd1 Rb1+ 60. Kd2 Rb2+ 61. Kc1 Rc2+ 62. Kd1 Rxc4 63. Rxd6+ Kh7 64. Rd7 Ra4 65. Rxf7+ Kg8 66. Rf6 c4 67. Rc6 Nxc6 68. dxc6 Ra6 69. Nf6+ Kg7 70. c7 Rc6 71. Nd5 Kf7 72. Kc2 c3 73. Nxc3 Rxc7 74. Kd3 Ke6 75. Nd5 Ra7 76. Ke3 Ra3+ 77. Ke2 Kd6 78. Nf6 Ra7 79. Ke3 Kc5 80. Nd5 Ra3+ 81. Kf2 Kd4 82. Nf6 Ra2+ 83. Kg3 Ra7 84. Kf2 Kd3 85. Nd5 Ra2+ 86. Kg3 Rb2 87. Nf6 Rb7 88. Kf2 Kd2 89. Nd5 Rb2 90. Nf6 Kd1+ 91. Kg3 Rb7 92. Kf2 Rc7 93. Nd5 Rc2+ 94. Kg3 Ke1 95. Nf6 Rc7 96. Kg2 Rc2+ 97. Kg3 Rc1 98. Kg2 Ke2 99. Nd5 Rc2 100. Kg3 Ra2 101. Nc3+ 1-0

[Event "CEG festival"]
[Site "Switzerland"]
[Date "1993.??.??"]
[Round "?"]
[White "Chachere, Lawrence"]
[Black "Relange, Eloi"]
[Result "0-1"]
[WhiteElo "2225"]
[BlackElo "2295"]
[PlyCount "58"]
[EventDate "1993.??.??"]
[EventType "swiss"]
[EventRounds "9"]
[EventCountry "SUI"]
[SourceTitle "EXT 2006"]
[Source "ChessBase"]
[SourceDate "2005.11.24"]
[SourceVersion "1"]
[SourceVersionDate "2005.11.24"]
[SourceQuality "1"]

1. d4 d5 2. c4 e6 3. Nc3 c6 4. Nf3 dxc4 5. a4 Bb4 6. e3 b5 7. Bd2 a5 8. axb5 Bxc3 9. Bxc3 cxb5 10. b3 Bb7 11. bxc4 b4 12. Bb2 Nf6 13. Bd3 0-0 14. Qc2 Nbd7 15. Ne5 a4 16. Nxd7 Qxd7 17. d5 exd5 18. Bxf6 gxf6 19. Bxh7+ Kg7 20. Bf5 Qc7 21. 0-0 Rh8 22. h3 dxc4 23. Qe2 Qc6 24. e4 b3 25. Rad1 c3 26. Rd7 c2 27. Qg4+ Kf8 28. Kh2 b2 29. Qg3 c1Q 0-1

[Event "Bucharest Tim"]
[Site "Bucharest"]
[Date "1993.??.??"]
[Round "12"]
[White "Chachere, Lawrence"]
[Black "Tomescu, Vlad"]
[Result "0-1"]
[WhiteElo "2225"]
[BlackElo "2435"]
[PlyCount "118"]
[EventDate "1993.??.??"]
[EventType "tourn"]
[EventRounds "13"]
[EventCountry "ROU"]
[EventCategory "4"]
[SourceTitle "CBM 035 Extra"]
[Source "ChessBase"]
[SourceDate "1993.09.01"]
[SourceVersion "1"]
[SourceVersionDate "1993.09.01"]
[SourceQuality "1"]

1. d4 Nc6 2. e4 d5 3. Nc3 dxe4 4. d5 Ne5 5. Qd4 Ng6 6. Qxe4 Nf6 7. Qa4+ Bd7 8. Qb3 Qc8 9. Nf3 e5 10. dxe6 Bxe6 11. Bc4 Bxc4 12. Qxc4 Be7 13. 0-0 0-0 14. Be3 c6 15. Ne4 Nd5 16. Bc5 Bxc5 17. Qxc5 Ngf4 18. Ng3 b6 19. Qa3 c5 20. c4 Nb4 21. Ne1 Re8 22. Qf3 Ne6 23. Nf5 Ng5 24. Qg4 Re5 25. Qxg5 Rxf5 26. Qg4 h5 27. Qe4 Rf6 28. a3 Nc6 29. Nf3 Rg6 30. b3 Qg4 31. Qxg4 hxg4 32. Nd2 f5 33. Rfd1 Nd4 34. b4 Rc6 35. b5 Re6 36. a4 a6 37. f3 axb5 38. axb5 Rxa1 39. Rxa1 Re2 40. Rd1 Nc2 41. Nf1 gxf3 42. gxf3 Nd4 43. f4 g6 44. Rd3 Re4 45. Re3 Rxf4 46. Re7 Nf3+ 47. Kg2 Nh4+ 48. Kg1 Rg4+ 49. Kf2 f4 50. Rb7 Rg2+ 51. Ke1 Nf3+ 52. Kd1 Rf2 53. Rxb6 Rxf1+ 54. Ke2 Nxh2 55. Rxg6+ Kf7 56. Rg5 f3+ 57. Kd2 Ra1 58. Rxc5 Ra2+ 59. Ke3 f2 0-1

[Event "Bucharest Tim"]
[Site "Bucharest"]
[Date "1993.??.??"]
[Round "7"]
[White "Dumitrache, Dragos Nicolae"]
[Black "Chachere, Lawrence"]
[Result "1-0"]
[WhiteElo "2385"]
[BlackElo "2225"]
[PlyCount "35"]
[EventDate "1993.??.??"]
[EventType "tourn"]
[EventRounds "13"]
[EventCountry "ROU"]
[EventCategory "4"]
[SourceTitle "CBM 035 Extra"]
[Source "ChessBase"]
[SourceDate "1993.09.01"]
[SourceVersion "1"]
[SourceVersionDate "1993.09.01"]
[SourceQuality "1"]

1. d4 Nf6 2. c4 e6 3. Nc3 Bb4 4. e3 c5 5. Bd3 Nc6 6. Nge2 d5 7. cxd5 Nxd5 8. a3 cxd4 9. axb4 dxc3 10. bxc3 0-0 11. 0-0 Ne5 12. Bb1 Qc7 13. Qc2 f5 14. e4 Ng4 15. Ng3 Nf4 16. exf5 exf5 17. h3 Ne5 18. Bxf4 1-0

[Event "Geneve op"]
[Site "Geneve"]
[Date "1993.??.??"]
[Round "3"]
[White "Fioramonti, Hung"]
[Black "Chachere, Lawrence"]
[Result "0-1"]
[WhiteElo "2380"]
[BlackElo "2225"]
[PlyCount "68"]
[EventDate "1993.01.??"]
[EventType "swiss"]
[EventRounds "9"]
[EventCountry "SUI"]
[SourceTitle "EXT 1997"]
[Source "ChessBase"]
[SourceDate "1996.11.15"]
[SourceVersion "1"]
[SourceVersionDate "1996.11.15"]
[SourceQuality "1"]

1. d4 Nf6 2. Nc3 d5 3. Bg5 Nbd7 4. f3 h6 5. Bh4 c5 6. e4 cxd4 7. Bxf6 Nxf6 8. Qxd4 dxe4 9. Bb5+ Bd7 10. 0-0-0 a6 11. Bxd7+ Qxd7 12. Qe5 Qc6 13. Nge2 Rc8 14. Ng3 e6 15. Ngxe4 Nxe4 16. Qxe4 Qxe4 17. Nxe4 Rd8 18. a4 f5 19. Nf2 Rxd1+ 20. Rxd1 Bc5 21. Nd3 Be3+ 22. Kb1 Ke7 23. Re1 f4 24. Ne5 Rd8 25. Nc4 b5 26. axb5 axb5 27. Nxe3 fxe3 28. h4 Rd2 29. g4 Rh2 30. Rxe3 Rxh4 31. Ka2 h5 32. gxh5 Rxh5 33. Ka3 Rh4 34. Rb3 Ra4# 0-1

[Event "SUI-chT"]
[Site "Switzerland"]
[Date "1993.??.??"]
[Round "?"]
[White "Kelecevic, Nedeljko"]
[Black "Chachere, Lawrence"]
[Result "1-0"]
[WhiteElo "2440"]
[BlackElo "2225"]
[PlyCount "89"]
[EventDate "1993.??.??"]
[EventType "team-tourn"]
[EventRounds "9"]
[EventCountry "SUI"]
[SourceTitle "TD"]
[Source "ChessBase"]
[SourceDate "1994.03.01"]
[SourceVersion "1"]
[SourceVersionDate "1994.03.01"]
[SourceQuality "1"]

1. d4 Nf6 2. c4 e6 3. Nc3 Bb4 4. Bd2 c5 5. dxc5 0-0 6. Nf3 Nc6 7. Na4 Ne4 8. Bxb4 Nxb4 9. a3 Nc6 10. Nd2 f5 11. e3 Qh4 12. g3 Qe7 13. Nxe4 fxe4 14. Bg2 Qf6 15. 0-0 Qf4 16. Qc2 Ne5 17. Qxe4 Qxe4 18. Bxe4 Nxc4 19. Rfd1 Rb8 20. Rac1 b5 21. cxb6 Nxb6 22. Nxb6 Rxb6 23. b4 Bb7 24. Bxb7 Rxb7 25. Rc5 Kf7 26. Rdc1 Ke7 27. f4 Rb6 28. Kf2 Ra6 29. R1c3 Rb8 30. e4 Ra4 31. Ke3 Rb6 32. Rd3 Rc6 33. Rxc6 dxc6 34. Kd4 a5 35. Kc5 axb4 36. axb4 h5 37. e5 g6 38. Rd6 Ra2 39. Rxc6 Rc2+ 40. Kb6 Rxh2 41. Rc7+ Kf8 42. b5 Rh3 43. Kc5 Rxg3 44. b6 Rc3+ 45. Kd6 1-0

[Event "Geneve op"]
[Site "Geneve"]
[Date "1993.??.??"]
[Round "4"]
[White "Mitkov, Marjan"]
[Black "Chachere, Lawrence"]
[Result "1-0"]
[WhiteElo "2325"]
[BlackElo "2225"]
[PlyCount "43"]
[EventDate "1993.01.??"]
[EventType "swiss"]
[EventRounds "9"]
[EventCountry "SUI"]
[SourceTitle "EXT 1997"]
[Source "ChessBase"]
[SourceDate "1996.11.15"]
[SourceVersion "1"]
[SourceVersionDate "1996.11.15"]
[SourceQuality "1"]

1. d4 Nf6 2. c4 e6 3. Nc3 Bb4 4. e3 c5 5. Nge2 cxd4 6. exd4 0-0 7. a3 Be7 8. d5 exd5 9. cxd5 Re8 10. g3 Bc5 11. Bg2 Ng4 12. 0-0 Qb6 13. Qe1 Qg6 14. Bd2 d6 15. Nf4 Rxe1 16. Raxe1 Bd7 17. Nxg6 hxg6 18. b4 Bb6 19. Bf4 Bc7 20. h3 Ne5 21. Bxe5 dxe5 22. d6 1-0

[Event "Budapest FS12 IM-A"]
[Site "Budapest"]
[Date "1993.??.??"]
[Round "3"]
[White "Orso, Miklos"]
[Black "Chachere, Lawrence"]
[Result "1/2-1/2"]
[WhiteElo "2390"]
[BlackElo "2250"]
[PlyCount "20"]
[EventDate "1993.12.??"]
[EventType "tourn"]
[EventRounds "11"]
[EventCountry "HUN"]
[EventCategory "2"]
[SourceTitle "EXT 1997"]
[Source "ChessBase"]
[SourceDate "1996.11.15"]
[SourceVersion "1"]
[SourceVersionDate "1996.11.15"]
[SourceQuality "1"]

1. e4 c6 2. d4 d5 3. Nc3 dxe4 4. Nxe4 Bf5 5. Ng3 Bg6 6. Nf3 Nd7 7. h4 h6 8. h5 Bh7 9. Bd3 Bxd3 10. Qxd3 e6 1/2-1/2

[Event "Gausdal Int"]
[Site "Gausdal"]
[Date "1992.??.??"]
[Round "3"]
[White "Brestian, Egon"]
[Black "Chachere, Lawrence"]
[Result "1-0"]
[WhiteElo "2450"]
[BlackElo "2240"]
[PlyCount "85"]
[EventDate "1992.08.??"]
[EventType "swiss"]
[EventRounds "9"]
[EventCountry "NOR"]
[SourceTitle "TD"]
[Source "ChessBase"]
[SourceDate "1994.03.01"]
[SourceVersion "1"]
[SourceVersionDate "1994.03.01"]
[SourceQuality "1"]

1. c4 c5 2. g3 Nf6 3. Bg2 e6 4. Nf3 d5 5. cxd5 Nxd5 6. 0-0 Nc6 7. d4 Be7 8. Nc3 0-0 9. Nxd5 exd5 10. Be3 c4 11. Ne5 Na5 12. b3 f6 13. Nf3 b5 14. bxc4 Nxc4 15. Bf4 Bf5 16. Nd2 Qd7 17. Nxc4 bxc4 18. Qe1 a5 19. Bd2 a4 20. Bc3 Rfe8 21. Qd2 Bh3 22. Rab1 Bxg2 23. Kxg2 Rab8 24. Rxb8 Rxb8 25. Qc2 Bd6 26. e4 Qe6 27. exd5 Qxd5+ 28. Kg1 a3 29. Re1 f5 30. Qa4 Rf8 31. Qd7 f4 32. Re5 Qf3 33. Qxd6 fxg3 34. Qd5+ Qxd5 35. Rxd5 gxh2+ 36. Kxh2 Rxf2+ 37. Kg3 Rxa2 38. Ra5 Kf7 39. Kf4 Rf2+ 40. Ke3 Ra2 41. d5 g6 42. Ra7+ Ke8 43. d6 1-0

[Event "Gausdal Int"]
[Site "Gausdal"]
[Date "1992.??.??"]
[Round "4"]
[White "Chachere, Lawrence"]
[Black "Kourkounakis, Ilias"]
[Result "1/2-1/2"]
[WhiteElo "2240"]
[BlackElo "2400"]
[PlyCount "40"]
[EventDate "1992.08.??"]
[EventType "swiss"]
[EventRounds "9"]
[EventCountry "NOR"]
[SourceTitle "TD"]
[Source "ChessBase"]
[SourceDate "1994.03.01"]
[SourceVersion "1"]
[SourceVersionDate "1994.03.01"]
[SourceQuality "1"]

1. d4 Nf6 2. c4 g6 3. Nc3 Bg7 4. Nf3 0-0 5. e4 d6 6. Be2 e5 7. 0-0 Nc6 8. d5 Ne7 9. Ne1 Nd7 10. f3 f5 11. g4 Kh8 12. h4 Ng8 13. Ng2 a5 14. Be3 Nc5 15. Rb1 Nf6 16. exf5 gxf5 17. g5 Nh5 18. f4 Ng3 19. Rf3 Nge4 20. Nxe4 fxe4 1/2-1/2

[Event "Gausdal Int"]
[Site "Gausdal"]
[Date "1992.??.??"]
[Round "9"]
[White "Chachere, Lawrence"]
[Black "Ostenstad, Berge"]
[Result "0-1"]
[WhiteElo "2240"]
[BlackElo "2450"]
[PlyCount "80"]
[EventDate "1992.08.??"]
[EventType "swiss"]
[EventRounds "9"]
[EventCountry "NOR"]
[SourceTitle "TD"]
[Source "ChessBase"]
[SourceDate "1994.03.01"]
[SourceVersion "1"]
[SourceVersionDate "1994.03.01"]
[SourceQuality "1"]

1. d4 Nf6 2. c4 g6 3. Nc3 d5 4. cxd5 Nxd5 5. e4 Nxc3 6. bxc3 Bg7 7. Be3 c5 8. Qd2 Qa5 9. Rc1 cxd4 10. cxd4 Qxd2+ 11. Kxd2 0-0 12. Nf3 Nc6 13. d5 Rd8 14. Ke1 Na5 15. Bd3 b6 16. Ke2 e6 17. Bg5 f6 18. Bd2 exd5 19. exd5 Bb7 20. Bxa5 bxa5 21. Rc5 Rxd5 22. Rxd5 Bxd5 23. a4 Re8+ 24. Kd2 Bf8 25. Rb1 Bb4+ 26. Kd1 Kg7 27. h3 f5 28. Rb2 Kf6 29. Bb5 Re7 30. Bd3 Re6 31. Be2 a6 32. g4 Bc3 33. Rb1 Bc6 34. g5+ Ke7 35. Ng1 Bxa4+ 36. Kc1 Bb4 37. Kb2 Rc6 38. Bd3 Rc3 39. Re1+ Kd6 40. Re3 Bb5 0-1

[Event "Geneve op"]
[Site "Geneve"]
[Date "1992.??.??"]
[Round "5"]
[White "Jukic, Mirko"]
[Black "Chachere, Lawrence"]
[Result "1-0"]
[WhiteElo "2455"]
[BlackElo "2240"]
[PlyCount "61"]
[EventDate "1992.??.??"]
[EventType "swiss"]
[EventRounds "9"]
[EventCountry "SUI"]
[SourceTitle "TD"]
[Source "ChessBase"]
[SourceDate "1994.03.01"]
[SourceVersion "1"]
[SourceVersionDate "1994.03.01"]
[SourceQuality "1"]

1. d4 Nf6 2. Nf3 e6 3. c4 b6 4. g3 Ba6 5. Qa4 c6 6. Nc3 b5 7. cxb5 cxb5 8. Nxb5 Qb6 9. Nc3 Nc6 10. Bg2 Bb4 11. 0-0 Bxc3 12. bxc3 Bxe2 13. Re1 Bb5 14. Qa3 Rc8 15. Rb1 Qa6 16. Ne5 d5 17. c4 Bxc4 18. Nxc4 Qxc4 19. Be3 Nxd4 20. Rbc1 Nc2 21. Rxc2 Qxc2 22. Rc1 Qxc1+ 23. Bxc1 Nd7 24. Bb2 f6 25. Qd6 Nf8 26. Ba3 Kf7 27. Bf1 h5 28. Ba6 Re8 29. Qc7+ Kg6 30. Bd3+ f5 31. Bb5 1-0

[Event "Geneve op"]
[Site "Geneve"]
[Date "1992.??.??"]
[Round "8"]
[White "Milosevic, Goran"]
[Black "Chachere, Lawrence"]
[Result "1-0"]
[WhiteElo "2405"]
[BlackElo "2240"]
[PlyCount "103"]
[EventDate "1992.??.??"]
[EventType "swiss"]
[EventRounds "9"]
[EventCountry "SUI"]
[SourceTitle "TD"]
[Source "ChessBase"]
[SourceDate "1994.03.01"]
[SourceVersion "1"]
[SourceVersionDate "1994.03.01"]
[SourceQuality "1"]

1. e4 c5 2. Nf3 d6 3. d4 Nf6 4. Nc3 cxd4 5. Nxd4 a6 6. g3 e5 7. Nb3 Nbd7 8. a4 b6 9. Bg2 Bb7 10. 0-0 Be7 11. Re1 Rc8 12. Nd2 Rc5 13. Nf1 Qa8 14. f3 0-0 15. Ne3 g6 16. Bh3 Rd8 17. Qe2 Qc8 18. Bd2 Bf8 19. Red1 d5 20. exd5 Nxd5 21. Ncxd5 Bxd5 22. b4 Bc4 23. Qe1 Rc6 24. Nxc4 Rxc4 25. c3 Be7 26. Bf1 Rc6 27. Bxa6 Qb8 28. Bb5 Rd6 29. Be3 Nf6 30. Bf2 Nd5 31. Bf1 Bf6 32. Rdc1 Bg5 33. Rc2 Qc8 34. c4 Qf5 35. Re2 Nc7 36. Rxe5 Bd2 37. Qe2 Qf6 38. c5 bxc5 39. Bxc5 Rd3 40. Be7 Qb6+ 41. Qf2 Qxf2+ 42. Kxf2 Bc3 43. Bxd8 Rxd8 44. Rae1 Bd4+ 45. Kg2 Bxe5 46. Rxe5 Rd2+ 47. Re2 Rd4 48. Re4 Rd2+ 49. Kg1 Ne6 50. b5 Nd4 51. Rxd4 Rxd4 52. a5 1-0